| 000 | 00720cam a22001934a 4500 | ||
|---|---|---|---|
| 005 | 20250605164345.0 | ||
| 008 | 250528s ||||||||||||||||||||||||d | ||
| 035 | _a23861 | ||
| 040 |
_aGR-AtMCL _bgre _dGR-AtMCL _eAACR2 |
||
| 245 | 1 | _aDrifting Apart from Dad? / Children and Their Non-Resident Fathers | |
| 260 | _c2005 | ||
| 300 | _a56 | ||
| 520 | _aRising Stars, Is Health Psychology Failing?, Psychology in New Zealand, From Siberia to Psychology, Exploring Lived Experience, Why is Psychology Still Failing the Average Patient?, Daddy Doesn't Live Here Any More. | ||
| 700 | 1 |
_aSutton Jon _99351 |
|
| 942 | _cCR | ||
| 710 | 2 |
_aThe British Psychological Society _99823 |
|
| 999 |
_c8780 _d8780 |
||